000 00321nam a22001337a 4500
003 SGT
020 _a978-81-239-249-3
100 _aJADHAV, PRIYANKA, INGLE
245 _aEMERGING TRENDS IN PHYTOPHARMACEUTICS
250 _a1st
260 _aCBS, PUB.
_bNEW DELHI
_c2016
650 _a PHYTOPHARMACEUTICS
942 _2ddc
_cBK
999 _c24730
_d24730